000 00831nam a22002777a 4500
001 BR2018000675
003 BR-BrBNA
005 20230928105237.0
007 ta
008 230509b bl.||||| |||| 00| 0 por d
040 _aBR-BrBNA
_bpor
_cBiblioteca Nacional de Agricultura
041 _a(Por)
072 _aP01; E50
090 _ P01 BR2018000675
110 1 _aMinistério do Desenvolvimento Agrário, Brasília, DF (Brasil).Secretaria da Agricultura Familiar
245 1 _aGuia do programa nacional de turismo rural na agricultura familiar
260 3 _aBrasília, DF (Brasil):
_c[nd].
300 _a45 p.
650 _aTURISMO
650 _aAGRICULTURA FAMILIAR
650 _aINDÚSTRIA CASEIRA
650 _aRENDA FAMILIAR
650 _aASSOCIATIVISMO
909 _a202309
_bLucia
_c55
_dLucia Elande
942 _cBK
999 _c84246
_d84246